Flores en el asfalto (Record no. 193570)

MARC details
000 -LEADER
campo de control de longitud fija 01360nam a2200337 i 4500
001 - NÚMERO DE CONTROL
campo de control 193570
003 - IDENTIFICADOR DE NÚMERO DE CONTROL
campo de control ES-MaACL
005 - FECHA Y HORA DE LA ÚLTIMA TRANSACCIÓN
campo de control 20250720091906.0
007 - CAMPO FIJO DE DESCRIPCIÓN FÍSICA--INFORMACIÓN GENERAL
campo de control de longitud fija ta
008 - DATOS DE LONGITUD FIJA--INFORMACIÓN GENERAL
campo de control de longitud fija 221013s2021 sp | |||| 000 p spa
020 ## - NÚMERO INTERNACIONAL ESTÁNDAR DEL LIBRO
Número Internacional Estándar del Libro 9789731643687
040 ## - FUENTE DE CATALOGACIÓN
Lengua de catalogación spa
Centro/agencia transcriptor ES-MaACL
080 ## - NÚMERO DE LA CLASIFICACIÓN DECIMAL UNIVERSAL
Número de la Clasificación Decimal Universal 821.134.2-14"19"
100 1# - ENTRADA PRINCIPAL--NOMBRE DE PERSONA
Nombre de persona Lucía Megías, José Manuel,
Fechas asociadas al nombre 1967-
Relación aut
Término indicativo de función/relación Autor
9 (RLIN) 240291
245 10 - MENCIÓN DEL TÍTULO
Título Flores en el asfalto
Resto del título = Flori pe asfalt /
Mención de responsabilidad, etc. José Manuel Lucía Megías ; traducción de Felix Nicolau , Alba Diz Villanueva
250 ## - MENCION DE EDICION
Mención de edición Primera edición: 2021
250 ## - MENCION DE EDICION
Mención de edición Edición bilingüe español-rumano
264 ## - PRODUCCIÓN, PUBLICACIÓN, DISTRIBUCIÓN, FABRICACIÓN Y COPYRIGHT
Producción, publicación, distribución, fabricación y copyright Madrid :
Nombre del de productor, editor, distribuidor, fabricante Huerga y Fierro,
Fecha de producción, publicación, distribución, fabricación o copyright 2021
300 ## - DESCRIPCIÓN FÍSICA
Extensión 40 páginas ;
Dimensiones 24 cm
336 ## - TIPO DE CONTENIDO
Fuente rdacontent
Término de tipo de contenido Texto
337 ## - TIPO DE MEDIO
Fuente rdamedia
Nombre/término del tipo de medio sin mediación
338 ## - TIPO DE SOPORTE
Fuente rdacarrier
Nombre/término del tipo de soporte volumen
655 #7 - TERMINO DE INDIZACIÓN--GENERO/FORMA
Datos o término principal de género/forma Poesías
Fuente del término tgfbne
9 (RLIN) 176539
852 ## - LOCALIZACIÓN
Ubicación ES-MaACL
Sublocalización o colección R. 154457
Ubicación en estantería Depósito J
Número de control de estantería N-9580
Donativo/Legado Donación: José Manuel Lucía Megías
itemnumber 201033
Encuadernación Encuadernación rústica con solapas
852 ## - LOCALIZACIÓN
Ubicación ES-MaACL
Sublocalización o colección R. 154457
Ubicación en estantería Depósito J
Número de control de estantería N-9297
Donativo/Legado Donación: José Manuel Lucía Megías
Encuadernación Encuadernación rústica con solapas
itemnumber 203973
903 ## - NOMBRE PERSONAL DE DONANTE
a Lucía Megías, José Manuel,
d 1967-
e Donante
9 240291
942 ## - ELEMENTOS DE ENTRADA SECUNDARIOS (KOHA)
Suprimir en OPAC No
Tipo de ítem Koha Libro impreso
Holdings
Estatus retirado Estado de pérdida Fuente del sistema de clasificación o colocación Estado de daño No para préstamo Biblioteca de origen Biblioteca actual Ubicación en estantería Fecha de adquisición Fuente de adquisición Número de control de estantería Total de préstamos Signatura topográfica completa Código de barras Visto por última vez Tipo de ítem Koha Precio de reemplazo
    Clasificación decimal universal     Biblioteca del Ateneo de Madrid Biblioteca del Ateneo de Madrid Depósito J 15/01/2024 Donación Ateneísta   N-9580 101206309 15/01/2024 Libro impreso  
    Clasificación decimal universal     Biblioteca del Ateneo de Madrid Biblioteca del Ateneo de Madrid Depósito J 18/08/2024 Donación Ateneísta   N-9297 101228800 18/08/2024 Libro impreso 18/08/2024